Meranie efektívnosti komunikácie značky zamestnávateľa diplomová práca

Salvato in:
Dettagli Bibliografici
Autore principale: Ďurišová, Monika
Ente Autore: Fakulta podnikového manažmentu EU. Katedra manažmentu
Altri autori: Ďurišová, Soňa, 1983-
Natura: Libro
Lingua:slovacco
Pubblicazione: Bratislava 2025
Tags: Aggiungi Tag
Nessun Tag, puoi essere il primo ad aggiungerne!!

MARC

LEADER 00000nbm a2200000 4500
001 0309721
005 20251217134538.7
041 0 |a slo 
044 |a SK 
245 1 0 |a Meranie efektívnosti komunikácie značky zamestnávateľa  |b diplomová práca  |c Monika Ďurišová ; školiteľ: Soňa Ďurišová 
264 1 |a Bratislava  |c 2025 
300 |a 73 s. 
100 1 |a Ďurišová, Monika 
700 1 |a Ďurišová, Soňa, 1983- 
710 2 |a Fakulta podnikového manažmentu EU. Katedra manažmentu